Statistics for NCIS Cast quiz

Click here to take the quiz!

General Stats

  • This quiz has been taken 1,008 times
    (850 since last reset)
  • The average score is 13 of 20

Answer Stats

HintAnswer% Correct
Who plays Leroy Jethro Gibbs?Mark Harmon
91%
What season did Sasha Alexandra leave the show?2
90%
Which character does Cote de Pablo play?Ziva David
87%
What season was Jenny Shepard introduced?3
85%
In what season did Vance become Director of NCIS?6
79%
What is McGee's first name?Timothy
79%
Which character does Sasha Alexander play?Caitlin "Kate" Todd
77%
What was Jenny Shepard role at NCIS?Director of NCIS
77%
What's the name of Michael Weatherly character?Anthony "Tony" DiNozzo
76%
What drink is Abby addicted to?Caf-Pow
76%
McGee writes what genre of books?Mystery/Crime
72%
What is the first name of that character's father?Eli
65%
What is Tony's most used nickname for McGee?Probie
65%
Which character does Joe Spano play?Tobias Fornell
50%
Who plays Abigail "Abby" Sciuto?Pauley Perrette
49%
What is Jimmy Palmer sometimes referred to by Tony?Autopsy Gremlin
44%
Who plays Jenny Shepard?Lauren Holly
40%
Who plays Dr. Donald "Ducky" Mallard?David McCallum
39%
Under what pseudonym does McGee write these novels?Thom E. Gemcity
34%
McGee received a degree in Biomedical Engineering from where?Johns Hopkins University
23%

Score Distribution

Percentile by Number Answered

Percent of People with Each Score

Your Score History

You have not taken this quiz since the last reset